<?xml version="1.0" encoding="UTF-8"?>
<record
    xmlns:xsi="http://www.w3.org/2001/XMLSchema-instance"
    xsi:schemaLocation="http://www.loc.gov/MARC21/slim http://www.loc.gov/standards/marcxml/schema/MARC21slim.xsd"
    xmlns="http://www.loc.gov/MARC21/slim">

  <leader>01433nam a2200289 i 4500</leader>
  <controlfield tag="001">182636</controlfield>
  <controlfield tag="003">ES-MaACL</controlfield>
  <controlfield tag="005">20250817205804.0</controlfield>
  <controlfield tag="008">131007s2010    sp a   | |||||||| | spa d</controlfield>
  <datafield tag="020" ind1=" " ind2=" ">
    <subfield code="a">978-84-9704-495-0</subfield>
  </datafield>
  <datafield tag="080" ind1=" " ind2=" ">
    <subfield code="a">061.61(460.27 M.)(091)</subfield>
  </datafield>
  <datafield tag="100" ind1="1" ind2=" ">
    <subfield code="a">Azcu&#xE9;naga Cavia, Mar&#xED;a del Carmen, </subfield>
    <subfield code="d">1983-</subfield>
    <subfield code="9">153567</subfield>
  </datafield>
  <datafield tag="245" ind1="1" ind2="3">
    <subfield code="a">La Junta para Ampliaci&#xF3;n de Estudios e Investigaciones Cient&#xED;ficas :</subfield>
    <subfield code="b">historia de sus centros y protagonistas (1907-1939) / </subfield>
    <subfield code="c">coordinador, Ernesto Caballero Garrido ; autor principal, M&#xAA; Carmen Azcu&#xE9;naga Cavia ; colaboradores, Raquel Le&#xF3;n Larios, Daniel Carracedo Jim&#xE9;nez.</subfield>
  </datafield>
  <datafield tag="250" ind1=" " ind2=" ">
    <subfield code="a">1&#xAA; ed.</subfield>
  </datafield>
  <datafield tag="260" ind1=" " ind2=" ">
    <subfield code="a">Somonte-Cenero, Gij&#xF3;n : </subfield>
    <subfield code="b">Trea ; </subfield>
    <subfield code="a">[Madrid] : </subfield>
    <subfield code="b">Asociaci&#xF3;n Nacional de Estudiantes e Investigadores Siglo XXI, </subfield>
    <subfield code="c">2010.</subfield>
  </datafield>
  <datafield tag="300" ind1=" " ind2=" ">
    <subfield code="a">221 p. : </subfield>
    <subfield code="b">il. ; </subfield>
    <subfield code="c">24 cm.</subfield>
  </datafield>
  <datafield tag="490" ind1="1" ind2=" ">
    <subfield code="a">Estudios hist&#xF3;ricos La Olmeda. Colecci&#xF3;n Piedras angulares</subfield>
  </datafield>
  <datafield tag="504" ind1=" " ind2=" ">
    <subfield code="a">Bibliograf&#xED;a: p. [215]-221.</subfield>
  </datafield>
  <datafield tag="610" ind1="2" ind2="4">
    <subfield code="a">Junta para la Ampliaci&#xF3;n de Estudios e Investigaciones Cient&#xED;ficas-</subfield>
    <subfield code="x">Historia.</subfield>
    <subfield code="9">138519</subfield>
  </datafield>
  <datafield tag="700" ind1="1" ind2=" ">
    <subfield code="a">Caballero Garrido, Ernesto, </subfield>
    <subfield code="d">1978-</subfield>
    <subfield code="9">153568</subfield>
  </datafield>
  <datafield tag="700" ind1="1" ind2=" ">
    <subfield code="a">Le&#xF3;n Larios, Raquel.</subfield>
    <subfield code="9">153569</subfield>
  </datafield>
  <datafield tag="700" ind1="1" ind2=" ">
    <subfield code="a">Carracedo Jim&#xE9;nez, Daniel.</subfield>
    <subfield code="9">153570</subfield>
  </datafield>
  <datafield tag="830" ind1="0" ind2=" ">
    <subfield code="a">Estudios hist&#xF3;ricos La Olmeda. Colecci&#xF3;n Piedras angulares</subfield>
    <subfield code="9">193605</subfield>
  </datafield>
  <datafield tag="852" ind1=" " ind2=" ">
    <subfield code="a">ES-MaACL</subfield>
    <subfield code="j">A-12877</subfield>
    <subfield code="9">189553</subfield>
    <subfield code="b">R.149057</subfield>
    <subfield code="c">DEPO1</subfield>
    <subfield code="d">Olim: N-5877</subfield>
  </datafield>
  <datafield tag="942" ind1=" " ind2=" ">
    <subfield code="2">udc</subfield>
    <subfield code="c">MONOGRAFIA</subfield>
  </datafield>
  <datafield tag="999" ind1=" " ind2=" ">
    <subfield code="c">182636</subfield>
    <subfield code="d">182636</subfield>
  </datafield>
  <datafield tag="952" ind1=" " ind2=" ">
    <subfield code="0">0</subfield>
    <subfield code="1">0</subfield>
    <subfield code="2">udc</subfield>
    <subfield code="4">0</subfield>
    <subfield code="7">0</subfield>
    <subfield code="a">ATENEOM</subfield>
    <subfield code="b">ATENEOM</subfield>
    <subfield code="c">DEPO1</subfield>
    <subfield code="d">2013-10-07</subfield>
    <subfield code="e">DONACION</subfield>
    <subfield code="l">0</subfield>
    <subfield code="o">A-12877</subfield>
    <subfield code="p">1191937</subfield>
    <subfield code="r">2023-02-23 00:00:00</subfield>
    <subfield code="w">2023-02-23</subfield>
    <subfield code="y">MONOGRAFIA</subfield>
  </datafield>
</record>
